Statistics for European Coastal Capitals

Click here to take the quiz!

General Stats

  • This quiz has been taken 26,314 times
  • The average score is 10 of 12

Answer Stats

Country City % Correct
NorwayOslo
93%
SwedenStockholm
91%
GreeceAthens
90%
PortugalLisbon
90%
DenmarkCopenhagen
88%
FinlandHelsinki
86%
IrelandDublin
79%
EstoniaTallinn
74%
LatviaRiga
72%
MonacoMonaco
65%
IcelandReykjavík
64%
MaltaValletta
59%

Score Distribution

Percentile by Number Answered

Percent of People with Each Score

Your Score History

You have not taken this quiz